000 00915nam a2200253Ia 4500
003 OSt
005 20221005104415.0
006 a|||||r|||| 00| 0
007 ta
008 221004b |||||||| |||| 00| 0 hin d
020 _a9788126318148 (hbk)
_c100
024 _a106100
037 _b0/00971-D5, 18/03/2011, Bharatiya Gyanpith
_cTextual
040 _aCRL
_cCRL
_bhin
041 _2hin
_ahin
082 _aO152,1N68x, P9
100 _aठाकुर, सुन्दर चन्द
245 0 _aएक दुनिया है असंख्य
246 _aEk duniyā hai asankhya
260 _aदिल्ली
_bभारतीय ज्ञानपीठ भारत
_c2009
300 _a112पृ0
_ccm.
942 _hO152,1N68x, P9
_cTEXL
_2cc
999 _c1012625
_d1012625